000 00842nam a2200253 a 4500
003 PILC
005 20150505141944.0
008 100712s19uu xx 00 eng d
020 _a9812532439
020 _a0471347809
020 _a0471661368
050 _aT 58.5
_b.T87 2005
082 _aCSF 004.1
_bT84 2004
100 _aTurban, Efraim
_94256
245 _aIntroduction to Information Technology /
_cEfraim Turban, Jr. R. Kelly Rainer, Richard E. Potter.
250 _a3d ed.
260 _aNew Jersey :
_bJohn Wiley & Sons, Inc,
_c2005.
300 _a502 pages :
_billustration ;
_c23 cm.
500 _aIncludes bibliographical references and index.
650 _aInformation Technology
_xManagement Information Systems
_94464
700 _aRainer, Jr. R. Kelly
_94258
700 _aPotter, Richard E.
_94259
942 _2lcc
_cBK
999 _c283835
_d283835